[Event "Warsaw Najdorf Memorial op-A 22nd"]
[Site "Warsaw"]
[Date "2025.07.14"]
[Round "7"]
[White "Cera, Dagaria"]
[Black "Sliwerski, Radoslaw"]
[Result "1/2-1/2"]
[WhiteElo "2013"]
[BlackElo "2069"]
[PlyCount "60"]
[EventDate "2025.07.08"]
[EventType "swiss"]
[EventRounds "9"]
[EventCountry "POL"]
[SourceTitle "CB29_2025"]
[SourceDate "2025.07.16"]
[SourceVersion "1"]
[SourceVersionDate "2025.07.16"]
[SourceQuality "1"]

1. e4 c5 2. Nc3 d6 3. f4 g6 4. Nf3 Bg7 5. Bc4 Nc6 6. 0-0 e6 7. d4 cxd4 8. Nb5 Nge7 9. Bb3 0-0 10. Nbxd4 Nxd4 11. Nxd4 Nc6 12. Be3 Nxd4 13. Bxd4 b6 14. Bxg7 Kxg7 15. Qd4+ Qf6 16. Qxd6 Qxb2 17. f5 exf5 18. Bd5 Ba6 19. Bxa8 Bxf1 20. Rxf1 Rxa8 21. exf5 Qf6 22. Qd7 Rd8 23. Qxa7 Rd2 24. Qa4 gxf5 25. Qb3 Qd4+ 26. Kh1 Qf2 27. Qc3+ f6 28. Qc7+ Kh6 29. Rg1 Rxc2 30. Qe7 Qd4 1/2-1/2

[Event "Warsaw Najdorf Memorial op-A 22nd"]
[Site "Warsaw"]
[Date "2025.07.08"]
[Round "1"]
[White "Ochedzan, Tymon"]
[Black "Sliwerski, Radoslaw"]
[Result "1/2-1/2"]
[WhiteElo "2285"]
[BlackElo "2069"]
[PlyCount "69"]
[EventDate "2025.07.08"]
[EventType "swiss"]
[EventRounds "9"]
[EventCountry "POL"]
[SourceTitle "CB29_2025"]
[SourceDate "2025.07.16"]
[SourceVersion "1"]
[SourceVersionDate "2025.07.16"]
[SourceQuality "1"]

1. e4 c5 2. Nf3 d6 3. d4 cxd4 4. Nxd4 Nf6 5. Nc3 a6 6. Bg5 e6 7. Qf3 h6 8. Bd2 Nbd7 9. Be2 Qc7 10. Qg3 b5 11. a3 Bb7 12. f3 Rc8 13. 0-0 d5 14. Qxc7 Rxc7 15. exd5 Bc5 16. Be3 Bxd5 17. a4 b4 18. Nxd5 Nxd5 19. Bf2 a5 20. Bb5 0-0 21. Rad1 N7b6 22. Nc6 Bxf2+ 23. Rxf2 Rfc8 24. Nxa5 Rxc2 25. Rfd2 Rxd2 26. Rxd2 Nxa4 27. Bxa4 Ra8 28. Kf2 Rxa5 29. Bb3 Kf8 30. Rd4 Rb5 31. Bc4 Rc5 32. Bxd5 Rxd5 33. Rxb4 Rd2+ 34. Kg3 g5 35. h4 1/2-1/2

[Event "Marianske Lazne IM-B2 23rd"]
[Site "Marianske Lazne"]
[Date "2025.01.23"]
[Round "7"]
[White "Sliwerski, Radoslaw"]
[Black "Senthil, Maran K"]
[Result "1/2-1/2"]
[WhiteElo "2040"]
[BlackElo "2398"]
[PlyCount "111"]
[EventDate "2025.01.18"]
[EventType "tourn"]
[EventRounds "9"]
[EventCountry "CZE"]
[EventCategory "1"]
[SourceTitle "CB05_2025"]
[SourceDate "2025.01.29"]
[SourceVersion "1"]
[SourceVersionDate "2025.01.29"]
[SourceQuality "1"]

1. d4 Nf6 2. c4 e6 3. Nc3 Bb4 4. f3 b5 5. e4 bxc4 6. Bxc4 0-0 7. Nge2 d5 8. exd5 Nxd5 9. 0-0 c6 10. a3 Be7 11. Ne4 a5 12. Qc2 Nd7 13. Bd3 Ba6 14. Bd2 Bxd3 15. Qxd3 Qb6 16. Kh1 Qa6 17. Nf4 Rfb8 18. Qxa6 Rxa6 19. Nd3 Rb3 20. Nc3 N7b6 21. Rfc1 Nc4 22. Nxd5 cxd5 23. Bc3 f6 24. Kg1 a4 25. Kf2 Rc6 26. Ke2 Nxa3 27. Bb4 Rxc1 28. Rxc1 Bxb4 29. Rc8+ Bf8 30. bxa3 Kf7 31. Rc7+ Kg6 32. g4 Kh6 33. h4 Rxa3 34. Rc6 Ra2+ 35. Ke3 Rh2 36. Rxe6 Rxh4 37. Ra6 a3 38. Nc5 Rh1 39. Rxa3 Re1+ 40. Kd2 Rf1 41. Ke2 Bxc5 42. dxc5 Rc1 43. Ra5 Kg5 44. Kf2 f5 45. c6 fxg4 46. Rxd5+ Kh4 47. fxg4 h6 48. Rd6 Rc2+ 49. Kf3 Rc3+ 50. Kf2 Kg5 51. Re6 Rc4 52. Ke3 Rc1 53. Kf2 Rc3 54. Rd6 g6 55. Re6 Rc4 56. Ke3 1/2-1/2

[Event "Marianske Lazne IM-B2 23rd"]
[Site "Marianske Lazne"]
[Date "2025.01.18"]
[Round "1"]
[White "Tichy, Stepan"]
[Black "Sliwerski, Radoslaw"]
[Result "1/2-1/2"]
[WhiteElo "2184"]
[BlackElo "2040"]
[PlyCount "137"]
[EventDate "2025.01.18"]
[EventType "tourn"]
[EventRounds "9"]
[EventCountry "CZE"]
[EventCategory "1"]
[SourceTitle "CB05_2025"]
[SourceDate "2025.01.29"]
[SourceVersion "1"]
[SourceVersionDate "2025.01.29"]
[SourceQuality "1"]

1. c4 Nf6 2. g3 e5 3. Bg2 d5 4. cxd5 Nxd5 5. Nc3 Nb6 6. Nf3 Nc6 7. 0-0 Be7 8. a4 a5 9. Nb5 e4 10. Ne1 f5 11. d3 0-0 12. Qb3+ Qd5 13. Qxd5+ Nxd5 14. dxe4 fxe4 15. Bxe4 Ncb4 16. Nd3 c6 17. Nc3 Bh3 18. Nxd5 Nxd5 19. Rd1 Rad8 20. Nf4 Nxf4 21. Bxf4 Bf6 22. Bc7 Bxb2 23. Rxd8 Rxd8 24. Bxd8 Bxa1 25. Bxa5 Bd4 26. e3 Ba7 27. Bc3 g6 28. Bd4 c5 29. Bd5+ Kf8 30. Bc3 Bd7 31. Bxb7 Bxa4 32. Ba6 Bb3 33. Kf1 Bd5 34. Ke2 Ke7 35. Kd3 Kd6 36. Bc4 Bf3 37. e4 Ke7 38. Ke3 Bg4 39. f3 Bd7 40. h4 Bb8 41. f4 h5 42. e5 Bc7 43. Bd5 Bb6 44. Bc4 Bc6 45. Be1 Bd7 46. Bf2 Bh3 47. Kd3 Bf5+ 48. Kc3 Be4 49. Kb3 Bc6 50. Be1 Be4 51. Ka4 Bc6+ 52. Bb5 Be4 53. Kb3 Bd5+ 54. Bc4 Be4 55. Bd2 Bf5 56. Be1 Be4 57. Be2 Bd5+ 58. Kc2 Ke6 59. g4 Be4+ 60. Kd1 hxg4 61. Bxg4+ Kd5 62. h5 gxh5 63. Bxh5 Bf5 64. Bf3+ Ke6 65. Bb7 Bd3 66. Bc8+ Kd5 67. e6 Bd8 68. Bc3 Be7 69. Kd2 1/2-1/2

[Event "POL-chT 1st League"]
[Site "Darlowo"]
[Date "2024.09.14"]
[Round "1.11"]
[White "Krawczyk, Wojciech"]
[Black "Sliwerski, Radoslaw"]
[Result "1/2-1/2"]
[WhiteElo "2107"]
[BlackElo "2002"]
[PlyCount "65"]
[EventDate "2024.09.14"]
[EventType "team-swiss"]
[EventRounds "9"]
[EventCountry "POL"]
[SourceTitle "EXT 2025"]
[Source "ChessBase"]
[SourceDate "2024.10.14"]
[SourceVersion "1"]
[SourceVersionDate "2024.10.14"]
[SourceQuality "1"]

1. d4 Nf6 2. c4 e6 3. Nc3 Bb4 4. Qc2 0-0 5. Nf3 c5 6. dxc5 Na6 7. a3 Bxc3+ 8. Qxc3 Nxc5 9. g3 b6 10. Bg2 Bb7 11. 0-0 Rc8 12. Rd1 Nce4 13. Qb4 Qc7 14. b3 a5 15. Qe1 Ng4 16. Be3 Nxe3 17. fxe3 Qc5 18. Nd4 Qg5 19. Rd3 Ba8 20. Qf1 Nc5 21. Rc3 Ne4 22. Bxe4 Bxe4 23. Qf4 Qg6 24. b4 axb4 25. axb4 Ra8 26. Rca3 Rxa3 27. Rxa3 Bb7 28. Ra7 Qb1+ 29. Qf1 Qe4 30. Qf3 Qb1+ 31. Qf1 Qe4 32. Qf3 Qb1+ 33. Qf1 1/2-1/2

[Event "Polanica Zdroj op 59th"]
[Site "Polanica Zdroj"]
[Date "2023.08.25"]
[Round "7"]
[White "Sliwerski, Radoslaw"]
[Black "Gramer, Kent"]
[Result "1/2-1/2"]
[WhiteElo "2033"]
[BlackElo "2091"]
[PlyCount "68"]
[EventDate "2023.08.19"]
[EventType "swiss"]
[EventRounds "9"]
[EventCountry "POL"]
[SourceTitle "CBM 215 Extra"]
[Source "ChessBase"]
[SourceDate "2023.09.30"]
[SourceVersion "1"]
[SourceVersionDate "2023.09.30"]
[SourceQuality "1"]

1. d4 d5 2. c4 e6 3. Nc3 Nf6 4. cxd5 exd5 5. Bg5 c6 6. Qc2 Be6 7. e3 Nbd7 8. Bd3 Be7 9. Nge2 0-0 10. 0-0 h6 11. Bh4 Rc8 12. Rad1 b5 13. Qd2 b4 14. Na4 Ne4 15. Bxe7 Qxe7 16. Qc2 f5 17. Nf4 Bf7 18. Ba6 Rc7 19. f3 Nec5 20. Nxc5 Qxe3+ 21. Kh1 Nxc5 22. Qxc5 Qxf4 23. g3 Qg5 24. Qxb4 f4 25. Qd6 fxg3 26. Rg1 Re7 27. Rxg3 Qe3 28. Qxc6 Be6 29. Qc1 Qf2 30. Rd2 Qe3 31. Qd1 Qf4 32. Bd3 Rc7 33. Rc2 Rfc8 34. Rxc7 Rxc7 1/2-1/2

[Event "Polanica Zdroj op 59th"]
[Site "Polanica Zdroj"]
[Date "2023.08.20"]
[Round "2"]
[White "Czernek, Tymon"]
[Black "Sliwerski, Radoslaw"]
[Result "1-0"]
[WhiteElo "2288"]
[BlackElo "2033"]
[PlyCount "59"]
[EventDate "2023.08.19"]
[EventType "swiss"]
[EventRounds "9"]
[EventCountry "POL"]
[SourceTitle "CBM 215 Extra"]
[Source "ChessBase"]
[SourceDate "2023.09.30"]
[SourceVersion "1"]
[SourceVersionDate "2023.09.30"]
[SourceQuality "1"]

1. e4 c5 2. Nf3 d6 3. d4 cxd4 4. Nxd4 Nf6 5. Nc3 a6 6. Nb3 e6 7. g4 b5 8. a3 Bb7 9. Bg2 Be7 10. g5 Nfd7 11. f4 Nc6 12. Be3 Nb6 13. Qe2 Nc4 14. 0-0-0 Nxe3 15. Qxe3 b4 16. axb4 Nxb4 17. Qd4 a5 18. Qxg7 Rf8 19. Bf1 Bc6 20. Nd4 Qb6 21. Nxc6 Nxc6 22. Bb5 0-0-0 23. Bxc6 Qxc6 24. Rd3 Kb7 25. Kb1 Rc8 26. Rc1 a4 27. Qd4 Ra8 28. Qb4+ Qb6 29. Qa3 Qa7 30. e5 1-0

[Event "POL-chT 1st League"]
[Site "Sypniewo"]
[Date "2022.09.10"]
[Round "8.1"]
[White "Polok, Kacper"]
[Black "Sliwerski, Radoslaw"]
[Result "1-0"]
[WhiteElo "2274"]
[BlackElo "2013"]
[PlyCount "73"]
[EventDate "2022.09.03"]
[EventType "team-swiss"]
[EventRounds "9"]
[EventCountry "POL"]
[SourceTitle "CBM 210 Extra"]
[Source "ChessBase"]
[SourceDate "2022.11.30"]
[SourceVersion "1"]
[SourceVersionDate "2022.11.30"]
[SourceQuality "1"]
[WhiteTeam "Raciborz Silesia"]
[BlackTeam "Wrzos Miedzyborow"]
[WhiteTeamCountry "POL"]
[BlackTeamCountry "POL"]

1. e4 c5 2. Nf3 d6 3. d4 cxd4 4. Nxd4 Nf6 5. Nc3 a6 6. Nb3 Nc6 7. Be3 e6 8. g4 b5 9. g5 Nd7 10. Qd2 Nb6 11. 0-0-0 Ne5 12. f4 Nec4 13. Bxc4 Nxc4 14. Qe2 Nxe3 15. Qxe3 Be7 16. h4 Bb7 17. Kb1 Qc7 18. Rhf1 0-0-0 19. f5 Kb8 20. a3 d5 21. fxe6 fxe6 22. exd5 exd5 23. Rf7 Bxg5 24. Qe6 Bc8 25. Rxc7 Bxe6 26. Rc6 Bd7 27. Rxa6 Bxh4 28. Rxd5 Be8 29. Rf5 Bf6 30. Nxb5 Bxb5 31. Rxb5+ Kc7 32. Rbb6 Rb8 33. Rc6+ Kd8 34. Nc5 Rxb2+ 35. Kc1 Rb8 36. Ra7 h5 37. Re6 1-0

[Event "POL-chT 1st League"]
[Site "Sypniewo"]
[Date "2022.09.08"]
[Round "6.4"]
[White "Sliwerski, Radoslaw"]
[Black "Galuszka, Tomasz"]
[Result "1/2-1/2"]
[WhiteElo "2013"]
[BlackElo "2157"]
[PlyCount "38"]
[EventDate "2022.09.03"]
[EventType "team-swiss"]
[EventRounds "9"]
[EventCountry "POL"]
[SourceTitle "CBM 210 Extra"]
[Source "ChessBase"]
[SourceDate "2022.11.30"]
[SourceVersion "1"]
[SourceVersionDate "2022.11.30"]
[SourceQuality "1"]
[WhiteTeam "Wrzos Miedzyborow"]
[BlackTeam "Jastrzebie Zdroj Pionier"]
[WhiteTeamCountry "POL"]
[BlackTeamCountry "POL"]

1. d4 d5 2. c4 e6 3. Nc3 Nf6 4. cxd5 exd5 5. Bg5 Be7 6. e3 0-0 7. Bd3 c6 8. Nge2 Nbd7 9. Qc2 Re8 10. 0-0 Nf8 11. f3 Be6 12. Rae1 Rc8 13. Kh1 N6d7 14. Bxe7 Qxe7 15. Nf4 Qd6 16. Qf2 Nb6 17. b3 Bd7 18. Nce2 c5 19. dxc5 Qxc5 1/2-1/2

[Event "Warsaw Chess op-A"]
[Site "Warsaw"]
[Date "2022.07.25"]
[Round "9"]
[White "Sliwerski, Radoslaw"]
[Black "Dubnevych, Maksym"]
[Result "1/2-1/2"]
[WhiteElo "1951"]
[BlackElo "2131"]
[PlyCount "61"]
[EventDate "2022.07.18"]
[EventType "swiss"]
[EventRounds "9"]
[EventCountry "POL"]
[SourceTitle "CBM 209 Extra"]
[Source "ChessBase"]
[SourceDate "2022.09.30"]
[SourceVersion "1"]
[SourceVersionDate "2022.09.30"]
[SourceQuality "1"]

1. d4 d5 2. c4 e6 3. Nc3 Nf6 4. cxd5 exd5 5. Bg5 c6 6. Qc2 Bd6 7. e3 0-0 8. Bd3 h6 9. Bh4 Re8 10. Nge2 a5 11. Bxf6 Qxf6 12. a3 Qh4 13. e4 dxe4 14. Nxe4 Bc7 15. 0-0-0 Be6 16. Kb1 Nd7 17. N2c3 Rac8 18. Nc5 Nxc5 19. dxc5 Kh8 20. Bf5 Qg5 21. Bxe6 Rxe6 22. Rd7 Qxg2 23. Rhd1 Qxh2 24. Rxf7 Rce8 25. Rdd7 Be5 26. Ne4 a4 27. Nd6 Qg1+ 28. Qc1 Qg6+ 29. Qc2 Qg1+ 30. Qc1 Qg6+ 31. Qc2 1/2-1/2

[Event "Warsaw Chess op-A"]
[Site "Warsaw"]
[Date "2022.07.21"]
[Round "4"]
[White "Sliwerski, Radoslaw"]
[Black "Ciechanski, Jacenty"]
[Result "1-0"]
[WhiteElo "1951"]
[BlackElo "2192"]
[PlyCount "85"]
[EventDate "2022.07.18"]
[EventType "swiss"]
[EventRounds "9"]
[EventCountry "POL"]
[SourceTitle "CBM 209 Extra"]
[Source "ChessBase"]
[SourceDate "2022.09.30"]
[SourceVersion "1"]
[SourceVersionDate "2022.09.30"]
[SourceQuality "1"]

1. d4 g6 2. Nf3 Bg7 3. c4 Nf6 4. g3 0-0 5. Bg2 d6 6. 0-0 Nc6 7. Nc3 e5 8. dxe5 Nxe5 9. b3 Rb8 10. Be3 a6 11. Qd2 Nxf3+ 12. Bxf3 Be6 13. Ba7 Ra8 14. Bd4 Qc8 15. Rac1 Rd8 16. Rfd1 Rb8 17. Ba7 Ra8 18. Bd4 Rb8 19. Nd5 Bxd5 20. cxd5 Ne8 21. Qc3 Bxd4 22. Rxd4 Qd7 23. Rc4 Rdc8 24. g4 Qd8 25. Kg2 b5 26. Rc6 b4 27. Qe3 a5 28. g5 Rb7 29. h4 Ng7 30. Bg4 Ra8 31. R1c4 f5 32. gxf6 Qxf6 33. Qg5 Rf8 34. Qxf6 Rxf6 35. Rxc7 Rxc7 36. Rxc7 h5 37. Bd7 Rf7 38. Rc8+ Rf8 39. e4 Rxc8 40. Bxc8 Kf7 41. f4 Kf6 42. Bd7 Ke7 43. Bb5 1-0

[Event "Warsaw Chess op-A"]
[Site "Warsaw"]
[Date "2022.07.19"]
[Round "2"]
[White "Malek, Jan"]
[Black "Sliwerski, Radoslaw"]
[Result "0-1"]
[WhiteElo "2320"]
[BlackElo "1951"]
[PlyCount "82"]
[EventDate "2022.07.18"]
[EventType "swiss"]
[EventRounds "9"]
[EventCountry "POL"]
[SourceTitle "CBM 209 Extra"]
[Source "ChessBase"]
[SourceDate "2022.09.30"]
[SourceVersion "1"]
[SourceVersionDate "2022.09.30"]
[SourceQuality "1"]

1. e4 c5 2. Nf3 d6 3. d4 cxd4 4. Nxd4 Nf6 5. Nc3 a6 6. Rg1 e5 7. Nb3 Be6 8. g4 d5 9. exd5 Nxd5 10. Nxd5 Qxd5 11. Qxd5 Bxd5 12. Be3 Nc6 13. c3 0-0-0 14. Nd2 Be7 15. a4 Kb8 16. Bg2 Bxg2 17. Rxg2 Rd7 18. Ke2 f6 19. b4 Rc8 20. Rgg1 Nd8 21. Rgc1 Ne6 22. Ne4 h5 23. h3 hxg4 24. hxg4 g6 25. Rd1 Rxd1 26. Rxd1 f5 27. Rd7 Rc7 28. Rxc7 Kxc7 29. gxf5 gxf5 30. Nd2 b5 31. axb5 axb5 32. f3 Kc6 33. Nf1 Kd5 34. Bh6 f4 35. Nd2 Bg5 36. Bxg5 Nxg5 37. Kd3 Nxf3 38. Nb1 e4+ 39. Ke2 Ne5 40. Na3 f3+ 41. Kf2 e3+ 0-1

[Event "Liberec op 21st"]
[Site "Liberec"]
[Date "2022.02.08"]
[Round "5"]
[White "Frick, Christoph"]
[Black "Sliwerski, Radoslaw"]
[Result "1-0"]
[WhiteElo "2151"]
[BlackElo "1976"]
[PlyCount "49"]
[EventDate "2022.02.05"]
[EventType "swiss"]
[EventRounds "9"]
[EventCountry "CZE"]
[SourceTitle "EXT 2023"]
[Source "ChessBase"]
[SourceDate "2022.10.05"]
[SourceVersion "1"]
[SourceVersionDate "2022.10.05"]
[SourceQuality "1"]

1. d4 Nf6 2. Nc3 d5 3. Bf4 c5 4. e3 e6 5. Nb5 Na6 6. c3 Bd7 7. a4 c4 8. b3 Ne4 9. bxc4 dxc4 10. Bxc4 Rc8 11. Qd3 Qa5 12. Ne2 Nb4 13. Qxe4 f5 14. Qb1 Rxc4 15. 0-0 Nd5 16. Qb3 Nb6 17. Rfb1 Rxa4 18. Rxa4 Nxa4 19. Nc7+ Kf7 20. Qxb7 Be7 21. Nb5 Nc5 22. dxc5 Qa2 23. Nd6+ Kf6 24. Qb2 Qd5 25. c4+ 1-0